Animal farm = (Record no. 111839)

MARC details
000 -LEADER
campo de control de longitud fija 01183cam a2200373Ia 4500
001 - NÚMERO DE CONTROL
campo de control 91177
005 - FECHA Y HORA DE LA ÚLTIMA TRANSACCIÓN
campo de control 20230411090049.0
008 - DATOS DE LONGITUD FIJA--INFORMACIÓN GENERAL
campo de control de longitud fija 940418s1994 fr a 000 1 fre d
035 ## - NÚMERO DE CONTROL DEL SISTEMA
Número de control de sistema (OCoLC)ocm30207201
040 ## - FUENTE DE CATALOGACIÓN
Centro catalogador/agencia de origen BRU
Lengua de catalogación fre
Centro/agencia transcriptor BRU
Centro/agencia modificador OCLCQ
-- SXC
020 ## - NÚMERO INTERNACIONAL ESTÁNDAR DEL LIBRO
Número Internacional Estándar del Libro 2070387801
020 ## - NÚMERO INTERNACIONAL ESTÁNDAR DEL LIBRO
Número Internacional Estándar del Libro 9782070387809
029 1# - OTRO NÚMERO DE CONTROL DE SISTEMA (OCLC)
Identificador de la biblioteca OCLC NZ1
Número de control de sistema 12256060
029 1# - OTRO NÚMERO DE CONTROL DE SISTEMA (OCLC)
Identificador de la biblioteca OCLC ZWZ
Número de control de sistema 003176959
035 ## - NÚMERO DE CONTROL DEL SISTEMA
Número de control de sistema (OCoLC)30207201
041 0# - CÓDIGO DE IDIOMA
Código de lengua del texto/banda sonora o título independiente engfre
082 04 - NÚMERO DE LA CLASIFICACIÓN DECIMAL DEWEY
Número de clasificación 820
049 ## - FONDOS LOCALES (OCLC)
Biblioteca depositaria GRAL
100 1# - ENTRADA PRINCIPAL--NOMBRE DE PERSONA
Nombre de persona Orwell, George,
Fechas asociadas al nombre 1903-1950.
240 10 - TÍTULO UNIFORME
Título uniforme Animal farm.
Lenguaje de la obra franðcais
245 10 - MENCIÓN DEL TÍTULO
Título Animal farm =
Resto del título La ferme des animaux /
Mención de responsabilidad, etc. George Orwell ; traduit de l'anglais par Jean Quâeval ; prâeface et notes par Yann Yvinec.
260 ## - PUBLICACIÓN, DISTRIBUCIÓN, ETC.
Lugar de publicación, distribución, etc. Paris :
Nombre del editor, distribuidor, etc. Gallimard,
Fecha de publicación, distribución, etc. c1994.
300 ## - DESCRIPCIÓN FÍSICA
Extensión 269 p. :
Otras características físicas ill. ;
Dimensiones 18 cm.
490 0# - MENCIÓN DE SERIE
Mención de serie Folio bilingue ;
Designación de volumen o secuencia 38
500 ## - NOTA GENERAL
Nota general Trad. : Animal farm.
520 ## - RESUMEN, ETC.
Sumario, etc. L'histoire des animaux oáu "Tous les animaux sont âegaux, mais certains sont plus âegaux que d'autres."--p. [13].
650 #0 - PUNTO DE ACCESO ADICIONAL DE MATERIA--TÉRMINO DE MATERIA
Término de materia o nombre geográfico como elemento de entrada French language materials.
700 1# - ENTRADA AGREGADA--NOMBRE PERSONAL
Nombre de persona Quâeval, Jean.
700 1# - ENTRADA AGREGADA--NOMBRE PERSONAL
Nombre de persona Yvinec, Yann.
740 01 - ENTRADA AGREGADA--TÍTULO RELACIONADO/ANALÍTICO NO CONTROLADO
Título relacionado o analítico no controlado Ferme des animaux.
942 ## - ELEMENTOS DE ENTRADA SECUNDARIOS (KOHA)
Fuente del sistema de clasificación o colocación Clasificación de Library of Congress
Tipo de ítem Koha
946 ## - PROCESAMIENTO DE INFORMACIÓN LOCAL (OCLC)
a AFJ
994 ## -
-- C0
-- DRFGD
Holdings
Estatus retirado Estado de pérdida Fuente del sistema de clasificación o colocación Estado de daño No para préstamo Colección Biblioteca de origen Biblioteca actual Ubicación en estantería Fecha de adquisición Código de barras Visto por última vez Copia número Tipo de ítem Koha
    Clasificación de Library of Congress     Automatización y Procesos Técnicos Biblioteca Juan Bosch Biblioteca Juan Bosch Automatización y Procesos Técnicos (1er. Piso) 11/04/2023 00000081594 17/02/2019 1